LEADER 01430nam a2200313 a 4500 001 000000123018 003 CaOOAMICUS 005 20100922103501.0 008 100922s2008 enk u000 u eng r 020 $z978-0-521-79394-0* 040 $aPUL$bita$dMCT 082 04$a323.6 100 1 $aSomers, Margaret R.$0(OLS)http://pul/name/77356 245 10$aGenealogies of citizenship :bmarkets, statelessness, and the right to have rights /$cMargaret R. Somers. 260 $aCambridge :$bCambridge University Press,$c©2008. 300 $axix, 338 p. ;$c23 cm 490 1 $aCambridge cultural social studies 500 $aInclude indice. 504 $aBibliografia p. [289]-331. 650 4$aDiritti civili.$0(OLS)http://pul/subject/18107 650 4$aCittadinanza$xDiritto.$0(OLS)http://pul/subject/34040 830 0$aCambridge cultural social studies.$0(OLS)http://pul/title/155045 850 $aPUL 852 $aPUL$W1$xSL Diritto e Scienze Sociali 3$y79$m323. 6 SOMMA 1$j141328$qDDC 21$B140370$CPULBib$Z2$F140370 $H111620 $82 941 1 $a9 996 $6020$z978-0-521-79394-0*$9(OLS)http://pul/number/145383 996 $6082$a323.6$9(OLS)http://pul/classification/730 996 $6245$aGenealogies of citizenship :bmarkets, statelessness, and the right to have rights$9(OLS)http://pul/title/155044 996 $6260$aCambridge :$bCambridge University Press$9(OLS)http://pul/publisher/50125 LEADER 01087nam a2200229 u 4500 001 000000069092 003 CaOOAMICUS 005 20070226121853.0 008 020405s1898 it u000 u ita u 035 $a10925647 040 $aPUL(R)$bita 100 1 $aScalvanti, Oscar,$d1852-1915.$0(OLS)http://pul/name/21390 245 10$aCronaca perugina indita di Pietro Angelo di Giovanni in continuazione di antonio dei Guarneglie (gią dette del Graziani) /$cOscar Saclvanti .. 260 $aPerugia . :$bUnione Tipografica Cooperativa,$c1898. 300 $a182 p. ;$c22 cm 504 $aBibliografia in nota. 505 1 $aV. 1. (Anni 1450-1460). 850 $aPUL 852 $aPUL$W1$xDP1 Antico 800$y27$m121 D 17$j89329$nBK-PRI$b $qStampati Antico$B89329$CPULBib$Z2$F89329 $H $81 941 1 $a15 996 $6245$aCronaca perugina indita di Pietro Angelo di Giovanni in continuazione di antonio dei Guarneglie (gią dette del Graziani)$9(OLS)http://pul/title/91271 996 $6260$aPerugia . :$bUnione Tipografica Cooperativa$9(OLS)http://pul/publisher/72455